000 00564nam a2200145Ia 4500
008 230917s9999||||xx |||||||||||||| ||und||
040 _e69714
_aMAIN
041 _aEnglish
082 _a574.19283 S97E
100 _aSawyer, Donald T, ed.
245 0 _aElectrochemical studies of biological systems: A symposium sponsored by the Division of Analytical Chemistry at the 172nd Meeting of the American Chemical Society, San Francisco, California, August 30, 1976
260 _aWashington DC
_bAmerican Chemical Society
_c1977
300 _aviii,216 p.
942 _cBK
999 _c227974
_d227974